| 000 | 00768nas a2200277 4500 | ||
|---|---|---|---|
| 001 | BR8304919 | ||
| 003 | BR-BrBNA | ||
| 005 | 20231205085700.0 | ||
| 007 | ta | ||
| 008 | 230509b bl.|||p| |||| 00| 00por d | ||
| 040 |
_aBR-BrBNA _bpor _cBiblioteca Nacional de Agricultura |
||
| 041 | _a(Pt) | ||
| 072 | _aL30 | ||
| 100 | 1 | _aCampo, O.F. | |
| 100 | 1 | _aVilela, D. | |
| 100 | 1 | _aMatos, L.L. de | |
| 100 | 1 | _aPerez, C.A.G. | |
| 100 | 1 | _aYamaguchi, L.C.T. | |
| 245 | 1 | _aBezerros: pastejo precoce no periodo das aguas | |
| 650 | _aNUTRICAO ANIMAL | ||
| 650 | _aBEZERRO | ||
| 650 | _aPASTEJO | ||
| 773 | 0 |
_tBalde Branco (Brazil) _xISSN 0005-4275 _g(Dec 1983), v. 18(230) p. 10-17 _wBR8304919 |
|
| 909 |
_a202311 _bLúcia _c55 _dLúcia Elande |
||
| 942 |
_2AGRIS _n0 _cANA |
||
| 999 |
_c113045 _d113045 |
||